UM Logo

Teachers' expectation and students academic performance of grade 7 students in Digos City/ (Record no. 2867)

MARC details
000 -LEADER
fixed length control field 00603nam a22001577a 4500
008 - FIXED-LENGTH DATA ELEMENTS--GENERAL INFORMATION
fixed length control field 160528b xxu||||| |||| 00| 0 eng d
082 ## - DEWEY DECIMAL CLASSIFICATION NUMBER
Edition number 2013
Classification number UT 0466
Item number D37
100 ## - MAIN ENTRY--PERSONAL NAME
9 (RLIN) 9536
Personal name Delima, Dennybie T.
245 ## - TITLE STATEMENT
Title Teachers' expectation and students academic performance of grade 7 students in Digos City/
Statement of responsibility, etc. Dennybie T. Delima, Praise P. Parayon and Joy A. Baluran.
260 ## - PUBLICATION, DISTRIBUTION, ETC. (IMPRINT)
Place of publication, distribution, etc. Digos City:
Name of publisher, distributor, etc. UMDC
Date of publication, distribution, etc. October 2013.
300 ## - PHYSICAL DESCRIPTION
Extent 47 pages;
Dimensions 28 cm.
650 #0 - SUBJECT ADDED ENTRY--TOPICAL TERM
9 (RLIN) 9534
Topical term or geographic name as entry element Education
Form subdivision Mathematics
General subdivision Undergraduate thesis.
700 ## - ADDED ENTRY--PERSONAL NAME
9 (RLIN) 9531
Personal name Parayon, Praise P.
700 ## - ADDED ENTRY--PERSONAL NAME
9 (RLIN) 9533
Personal name Baluran, Joy A.
942 ## - ADDED ENTRY ELEMENTS (KOHA)
Source of classification or shelving scheme Dewey Decimal Classification
Koha item type Undergraduate Thesis
Holdings
Withdrawn status Lost status Source of classification or shelving scheme Damaged status Not for loan Collection code Home library Current library Date acquired Total Checkouts Full call number Barcode Date last seen Price effective from Koha item type
    Dewey Decimal Classification     Undergraduate Theses UM Digos College - LIC UM Digos College - LIC 05/28/2016   UT 0466 D37 2013 UT0466 05/28/2016 05/28/2016 Undergraduate Thesis